[Event "pbevis gets dominated"]
[Site "http://www.queenalice.com/game.php?id=62991"]
[Date "2006.4.13"]
[Round "-"]
[White "pbevis"]
[Black "cd_dasilva"]
[Result "0-1"]
[WhiteElo "1416"]
[BlackElo "1590"]

1. Nf3 d5 2. d4 Nf6 3. e3 e6 4. Nc3 Bb4 5. Bd2 c5 6. a3 Bxc3 7. Bxc3 c4 8. b3
Ne4 9. Bb2 b5 10. bxc4 bxc4 11. a4 Qa5+ 12. Nd2 c3 13. Bxc3 Qxc3 14. Bb5+ Bd7
15. Bd3 Nxd2 16. Qc1 Nb3+ 17. Kd1 Nxc1 18. Rxc1 Bxa4 19. f3 Qxd3+ 20. Ke1 Qxe3+
21. Kd1 Nc6 22. Re1 Qd3# 0-1

[Event "AUTO-ADV-165"]
[Site "http://www.queenalice.com/game.php?id=65407"]
[Date "2006.4.24"]
[Round "1"]
[White "diego2907"]
[Black "pbevis"]
[Result "1-0"]
[WhiteElo "1632"]
[BlackElo "1420"]

1. e4 e5 2. Bc4 Nf6 3. Nf3 d5 4. exd5 Nxd5 5. d3 Nc6 6. Bg5 Qd6 7. h3 h6 8. Bd2
Nd4 9. Nxd4 exd4 10. Qf3 c6 11. O-O Be7 12. a3 b5 13. Bb3 Be6 14. Bb4 Nxb4 15.
axb4 Bxb3 16. cxb3 O-O 17. Nd2 Qxb4 18. Qd1 a6 19. Ne4 Qxb3 20. Qxb3 a5 21. Rfe1
a4 22. Qc2 f5 23. Ng3 Bd6 24. Nh5 g6 25. Qxc6 Rfd8 26. Re6 gxh5 27. Rxd6 Rxd6
28. Qxd6 Kg7 29. Qc7+ Kg6 30. Qc6+ 1-0

[Event "AUTO-ADV-165"]
[Site "http://www.queenalice.com/game.php?id=65408"]
[Date "2006.4.24"]
[Round "1"]
[White "pbevis"]
[Black "diego2907"]
[Result "0-1"]
[WhiteElo "1387"]
[BlackElo "1650"]

1. e4 e5 2. Nf3 Nc6 3. d4 exd4 4. Nxd4 Nxd4 5. Qxd4 h6 6. Be2 d6 7. Bf4 Be6 8.
O-O Nf6 9. e5 Nd5 10. Nc3 Nxf4 11. Qxf4 dxe5 12. Qxe5 a6 13. Rad1 Qe7 14. Rd3 c6
15. Re1 Qb4 16. Red1 Qxb2 17. Qc7 Be7 18. Rd7 Bg5 19. Rb1 Qxc3 20. Rxb7 O-O 21.
g3 Qe1+ 22. Bf1 Bxd7 23. Qxd7 Rad8 24. Qxc6 Rc8 25. Qxa6 Rxc2 26. Qb6 Rc1 27.
Qb5 Rfc8 28. Kg2 Qe4+ 29. Kg1 R8c5 30. Rb8+ Kh7 31. Re8 Qd5 32. h4 Rxb5 0-1

[Event "AUTO-ADV-165"]
[Site "http://www.queenalice.com/game.php?id=65425"]
[Date "2006.4.24"]
[Round "1"]
[White "pbevis"]
[Black "csadler"]
[Result "0-1"]
[WhiteElo "1419"]
[BlackElo "1744"]

1. e4 c5 2. c4 Nc6 3. Nf3 d6 4. d4 cxd4 5. Nxd4 g6 6. Be3 Bg7 7. Na3 Nf6 8. Bd3
Ng4 9. Qd2 Nxe3 10. Qxe3 Bxd4 11. Qd2 O-O 12. Nc2 Bxb2 13. Rb1 Bg7 14. O-O b6
15. Rfe1 Ne5 16. Rb3 Nxd3 17. Qxd3 Bb7 18. a4 Rc8 19. g3 Ba6 20. Rb4 Qd7 21. Ra1
Bxa1 22. Nxa1 Qe6 23. Nc2 Bxc4 24. Qd4 Be2 25. Rb2 Bf3 26. Qd5 Rxc2 27. Rxc2 Qh3
0-1

[Event "AUTO-ADV-165"]
[Site "http://www.queenalice.com/game.php?id=65426"]
[Date "2006.4.24"]
[Round "1"]
[White "csadler"]
[Black "pbevis"]
[Result "0-1"]
[WhiteElo "1652"]
[BlackElo "1393"]

1. Nc3 d5 2. d4 Nf6 3. Bg5 Nc6 4. f3 Bf5 5. Bxf6 exf6 6. e4 dxe4 7. fxe4 Bc8 8.
Nf3 Bb4 9. Be2 Qd7 10. O-O Qd6 11. Nb5 Qf4 12. Ne5 Qxe4 13. Bd3 Qe3+ 14. Kh1
Nxd4 15. Nxc7+ Kd8 16. Nxa8 Qxe5 17. c3 Bd6 18. g3 Qd5+ 19. Kg1 Bh3 20. Rf2 Bc5
21. Bf1 Ke7 22. Bxh3 Rxa8 23. Qe1+ Kf8 24. cxd4 Qxd4 25. Qd2 Qxd2 0-1

[Event "Challenge"]
[Site "http://www.queenalice.com/game.php?id=65884"]
[Date "2006.4.28"]
[Round "-"]
[White "Croftsy"]
[Black "pbevis"]
[Result "0-1"]
[WhiteElo "1569"]
[BlackElo "1390"]

1. b4 d5 2. d4 b5 3. Nc3 c6 4. e4 e6 5. e5 Bxb4 6. Bd2 Qa5 7. Nge2 Ne7 8. Rb1
Na6 9. Qc1 c5 10. dxc5 Nxc5 11. Qb2 Nc6 12. f4 Rb8 13. Kd1 Na4 14. Qa1 O-O 15.
a3 Bxc3 16. Bxc3 Nxc3+ 17. Nxc3 a6 18. Bd3 d4 19. Ne4 Rd8 20. h4 f5 21. exf6 Kf7
22. g4 gxf6 23. g5 f5 24. Nf6 Kg6 25. h5+ Kg7 26. h6+ Kg6 27. Be2 Kf7 28. Bh5+
Ke7 29. Nxh7 e5 30. g6 Rd5 31. g7 Be6 32. Bf3 Rc5 33. Rb2 b4 34. a4 Rc3 35. Ng5
Ra3 36. Qc1 Kf6 37. Bxc6 exf4 38. Rg1 Qc5 39. Bf3 Rxa4 40. Qxf4 d3 41. Nxe6 Ra1+
42. Kd2 Qf2+ 43. Kxd3 Rxg1 44. Nc5 Rd8+ 45. Kc4 Re1 46. Nd3 Qf1 47. Qd4+ Rxd4+
48. Kxd4 Re8 49. Bc6 Rd8+ 50. Kc4 a5 51. Bd5 Qg1 52. Ra2 Qb1 53. Rxa5 Qxc2+ 54.
Kd4 Qc3+ 55. Ke3 Re8+ 56. Kf4 Qd4+ 57. Kg3 Qxd3+ 58. Kh4 b3 59. Ra6+ Ke5 60. Ra5
b2 61. Bf7+ Ke4 62. Bxe8 b1=Q 63. g8=Q Qh1+ 64. Kg5 Qg3+ 65. Kf6 Qxg8 66. Re5+
Kf4 67. Rxf5+ Kg4 68. Bh5+ Kh4 69. Bf7 Qc6+ 70. Ke5 Qb8+ 71. Kd4 Qbd6+ 72. Rd5
Qf6+ 73. Re5 Qxf7 74. Re4+ Kg5 0-1

[Event "Challenge"]
[Site "http://www.queenalice.com/game.php?id=68293"]
[Date "2006.5.11"]
[Round "-"]
[White "peace"]
[Black "pbevis"]
[Result "1-0"]
[WhiteElo "1208"]
[BlackElo "1409"]

1. e4 e5 2. Nf3 d5 3. Nc3 dxe4 4. Nxe4 Bf5 5. Bd3 Nf6 6. Nxf6+ Qxf6 7. Qe2 Qe6
8. Bxf5 Qxf5 9. Qb5+ Nd7 10. O-O b6 11. Nxe5 Qxe5 12. Re1 a6 13. Rxe5+ Be7 14.
Qa4 O-O 15. Qxd7 Rad8 16. Qxe7 1-0

[Event "AUTO-OPEN-296"]
[Site "http://www.queenalice.com/game.php?id=77273"]
[Date "2006.6.17"]
[Round "1"]
[White "ENDHER"]
[Black "pbevis"]
[Result "1-0"]
[WhiteElo "2295"]
[BlackElo "1396"]

1. d4 d5 2. c4 e5 3. dxe5 dxc4 4. Qa4+ Bd7 5. Qxc4 Be6 6. Qb5+ Nc6 7. Nf3 a6 8.
Qa4 b5 9. Qe4 Qd7 10. Nc3 Rd8 11. Bg5 Be7 12. Rd1 Qc8 13. Qxc6+ Bd7 14. Bxe7
Nxe7 15. Qc5 O-O 16. Qxe7 Bf5 17. Rxd8 Rxd8 18. Ng5 Bc2 19. Qxf7+ Kh8 20. e4 Rd7
21. Qf5 g6 22. Qf6+ Kg8 23. Nd5 Rxd5 24. Qf7+ Kh8 25. Qxh7# 1-0

[Event "AUTO-OPEN-296"]
[Site "http://www.queenalice.com/game.php?id=77274"]
[Date "2006.6.17"]
[Round "1"]
[White "pbevis"]
[Black "ENDHER"]
[Result "0-1"]
[WhiteElo "1408"]
[BlackElo "2265"]

1. e4 e5 2. Nf3 Nc6 3. Nc3 Nf6 4. a3 d6 5. d3 Bg4 6. Be2 Be7 7. Bd2 Bxf3 8. Bxf3
Nd4 9. O-O c6 10. b4 a5 11. Ne2 Nxf3+ 12. gxf3 d5 13. Ng3 b5 14. bxa5 O-O 15.
Qe1 Bc5 16. Bb4 Nd7 17. a4 bxa4 18. Rxa4 Qf6 19. exd5 cxd5 20. Ba3 Rfb8 21. Bxc5
Nxc5 22. Rg4 Ne6 23. Nh5 Qf5 24. Ng3 Qxf3 25. Qxe5 Qxg4 26. Qxd5 Nf4 27. Qe4 Re8
28. Qc6 Rac8 29. Qa4 Ne2+ 30. Kg2 Qxa4 0-1

[Event "AUTO-OPEN-296"]
[Site "http://www.queenalice.com/game.php?id=77299"]
[Date "2006.6.17"]
[Round "1"]
[White "alfredo"]
[Black "pbevis"]
[Result "1-0"]
[WhiteElo "1217"]
[BlackElo "1413"]

1. d4 d5 2. c4 Bf5 3. Nc3 dxc4 4. Bf4 a6 5. e4 Bg6 6. Bxc4 e6 7. Nf3 h6 8. O-O
Bd6 9. Bxd6 Qxd6 10. Rc1 c5 11. Qa4+ b5 12. Bxb5+ Ke7 13. Rfd1 a5 14. dxc5 Qxc5
15. Nd5+ Kd6 16. Rxc5 Kxc5 17. Qc4+ Kd6 18. Qc7# 1-0

[Event "AUTO-OPEN-296"]
[Site "http://www.queenalice.com/game.php?id=77300"]
[Date "2006.6.17"]
[Round "1"]
[White "pbevis"]
[Black "alfredo"]
[Result "0-1"]
[WhiteElo "1406"]
[BlackElo "1385"]

1. e4 c5 2. Bc4 Nc6 3. d3 g6 4. a3 Bg7 5. Nf3 Nf6 6. h3 d6 7. Be3 Nxe4 8. dxe4
O-O 9. Ra2 a6 10. c3 b5 11. Bd5 Bb7 12. a4 Qc7 13. Ng5 e6 14. Bxe6 fxe6 15. Nxe6
Qf7 16. Qxd6 Rfe8 17. Nxg7 Rad8 18. Qxc5 Qxg7 0-1

[Event "AUTO-OPEN-296"]
[Site "http://www.queenalice.com/game.php?id=77317"]
[Date "2006.6.17"]
[Round "1"]
[White "pbevis"]
[Black "jaychess"]
[Result "0-1"]
[WhiteElo "1394"]
[BlackElo "1686"]

1. e4 e5 2. Nf3 Nc6 3. Bc4 h6 4. a3 Bc5 5. c3 Nf6 6. O-O Nxe4 7. Qe1 Bxf2+ 8.
Rxf2 Nxf2 9. Qxf2 O-O 10. d4 exd4 11. cxd4 b6 12. Ne5 Nxe5 13. Bd5 c6 14. Be4
Ng4 15. Qf3 d5 16. Bc2 Qh4 17. h3 Nf6 18. Qd3 Bb7 19. Nc3 Rae8 20. Bd2 Bc8 21.
Rf1 Re6 22. Rxf6 g6 23. Rxe6 Bxe6 24. b4 Bf5 25. Qa6 Bxc2 26. Qxa7 Qxd4+ 27. Kf1
Bd3+ 28. Ke1 Qg1# 0-1

[Event "AUTO-OPEN-296"]
[Site "http://www.queenalice.com/game.php?id=77318"]
[Date "2006.6.17"]
[Round "1"]
[White "jaychess"]
[Black "pbevis"]
[Result "0-1"]
[WhiteElo "1541"]
[BlackElo "1396"]

1. e4 e5 2. Bc4 Nf6 3. Nf3 Nxe4 4. Nxe5 Nd6 5. O-O Qg5 6. Nf3 Qg4 7. Ne5 Qe4 8.
Bxf7+ Nxf7 9. Nxf7 Kxf7 10. Nc3 Qf4 11. d4 Qf6 12. Nd5 Qf5 13. Nxc7 b6 14. Nxa8
Bb7 15. Nc7 Qg6 16. g3 Qc6 17. Bf4 Qg2# 0-1

[Event "Englan v. Portugal"]
[Site "http://www.queenalice.com/game.php?id=80775"]
[Date "2006.6.28"]
[Round "-"]
[White "pbevis"]
[Black "cd_dasilva"]
[Result "0-1"]
[WhiteElo "1398"]
[BlackElo "1753"]

1. e4 e5 2. Nf3 Nf6 3. c4 d6 4. d3 Nc6 5. b3 b6 6. d4 Nxe4 7. Qd3 Nf6 8. Bd2 e4
9. Qe3 Ne7 10. Ng1 d5 11. cxd5 Nexd5 12. Qe2 Bd6 13. Bg5 O-O 14. f3 Re8 15. fxe4
Rxe4 16. Qxe4 Nxe4 17. Bxd8 Bb4+ 18. Nd2 Bxd2+ 19. Ke2 Bg4+ 20. Kd3 Bf5 21. Bh4
Bc3 22. Kc4 Ne3+ 23. Kd3 Bxa1 24. Kxe3 g5 25. g4 Re8 26. Kf3 Nd2+ 27. Kf2 Bxd4+
28. Kg3 Nxf1+ 29. Kg2 Ne3+ 30. Kf2 Nxg4+ 31. Kg2 gxh4 32. h3 Be4+ 33. Kf1 Ne3+
34. Ke2 Bxh1 35. Kd3 c5 0-1

[Event "Challenge"]
[Site "http://www.queenalice.com/game.php?id=82183"]
[Date "2006.7.3"]
[Round "-"]
[White "l"]
[Black "pbevis"]
[Result "1-0"]
[WhiteElo "1367"]
[BlackElo "1418"]

1. e4 e5 2. Nf3 d6 3. Nc3 Nf6 4. Bc4 Bg4 5. h3 Be6 6. d4 Bxc4 7. b3 Be6 8. d5
Bd7 9. Be3 Be7 10. O-O a6 11. Bg5 c6 12. Bxf6 Bxf6 13. a4 Qa5 14. Qd2 1-0